Länder mit der höchsten Mehrwertsteuer - Statistiken

Allgemein
  • Dieses Quiz wurde 83 mal gespielt
  • Das Durchschnittsergebnis liegt bei 16 aus 22
Antwortstatistiken
Platz Land Höhe der Mehrwertsteuer % Korrekt
3. Schweden 25%
100%
7. Finnland 24%
97%
3. Norwegen 25%
96%
3. Dänemark 25%
92%
7. Island 24%
89%
15. Belgien 21%
85%
10. Polen 23%
84%
15. Spanien 21%
84%
10. Portugal 23%
83%
15. Niederlande 21%
81%
12. Italien 22%
80%
7. Griechenland 24%
77%
15. Lettland 21%
72%
15. Litauen 21%
72%
15. Tschechien 21%
72%
12. Slowenien 22%
71%
3. Kroatien 25%
69%
2. Ungarn 27%
64%
15. Montenegro 21%
44%
15. Argentinien 21%
36%
12. Uruguay 22%
27%
1. Bhutan 50%
20%
Keine übereinstimmenden Quizze gefunden
Verteilung der Resultate
Anzahl Personen mit jedem Resultat
Perzentil nach korrekt beantworteten Fragen
Ihre Resultats-Entwicklung
Sie haben dieses Quiz noch nicht gespielt